1013 1871 1211 1642 1046 1047 1712 1511 1608 1996 1419 1214 1883 1844 1959 1375 1760 1206 1545 1768 1522 1392 1384 1393 1850 1310 1138 1109 1686 1845 1520 1617 1466 1250 1671 1602 1832 1426 1896 1208 1207 1014 1043 1367 1077 1374 1432 1876 1814 1908 1143 1678 1503 1191 1923 1144 1918 1476 1282 1691 1055 1956 1055 1385 1958 1354 1804 1076 1135 1705 1668 1187 1008 1547 1507 1650 1302 1050 1438 1228 1730 1497 1615 1840 1842 1808 1394 1094 1659 1693 1879 1730 1949 1539 1217 1782 1350 1481 1853 BCNSPRNW ULIB Ver.6.0+V

เปลี่ยนเป็นภาษาไทย

Change to English
 แสดงรายละเอียดบรรณานุกรม
  กลับหน้าหลัก

Brief Record : Get Marc (ISO 2709) : E-mail record : QR code < ปิดหน้าต่าง
LEADER : 00000nam 2200000uu 4500
001    13399124125
003     ULIB
008    150119s2556||||th 000 0 tha d
020    ^a9786160416608
090    ^aรส.^bจ111ถ
100 0  ^aจูเนียร์, โรมูโล พี. บาควิราน
245 00 ^aถึงแก่น เร่องเล่าจากโรงพยาบาล/^cจูเนียร์, โรมูโล พี. บาควิราน
260    ^aกรุงเทพฯ :^bเอโนเวล,^c2556
300    ^a160 หน้า
650  7 ^aนวนิยาย
650  7 ^aฟิลิปปินส์
700 0  ^aอดุลย์ เบญจวรรณากร,^eผู้แปล
945    ^p115^l0^i038434
945    ^p115^l0^i038435
945    ^p115^l0^i038436
945    ^p115^l0^i038437
945    ^p115^l0^i038438
945    ^p115^l0^i038439
945    ^p115^l0^i038440
999    ^aเกษร โพธิ์สุวรรณ
รายการนี้ยังไม่มีแท็ก
คุณยังไม่ได้ล็อกอิน คุณสามารถมีกิจกรรมร่วมกับเว็บไซต์ได้ แต่ต้องล็อกอินก่อน ::
  ล็อกอิน

รายการสื่อสารสนเทศ

ลำดับที่ ประเภท เลขเรียก/บาร์โค้ด สถานที่ สถานะ
1. นวนิยาย
หนังสือสำรอง
สถานะ=หนังสือสำรอง
รส. จ111ถ ฉ.1 
  Barcode: 038434
ห้องสมุดวิทยาเขตสวรรค์ประชารักษ์
►นวนิยาย
บนชั้น
  ขอยืม
2. นวนิยาย
นวนิยาย
รส. จ111ถ ฉ.2 
  Barcode: 038435
ห้องสมุดวิทยาเขตสวรรค์ประชารักษ์
►นวนิยาย
บนชั้น
  ขอยืม
3. นวนิยาย
นวนิยาย
รส. จ111ถ ฉ.3 
  Barcode: 038436
ห้องสมุดวิทยาเขตสวรรค์ประชารักษ์
►นวนิยาย
บนชั้น
  ขอยืม
4. นวนิยาย
นวนิยาย
รส. จ111ถ ฉ.4 
  Barcode: 038437
ห้องสมุดวิทยาเขตสวรรค์ประชารักษ์
►นวนิยาย
บนชั้น
  ขอยืม
5. นวนิยาย
นวนิยาย
รส. จ111ถ ฉ.5 
  Barcode: 038438
ห้องสมุดวิทยาเขตสวรรค์ประชารักษ์
►นวนิยาย
บนชั้น
  ขอยืม
6. นวนิยาย
นวนิยาย
รส. จ111ถ ฉ.6 
  Barcode: 038439
ห้องสมุดวิทยาเขตสวรรค์ประชารักษ์
►นวนิยาย
บนชั้น
  ขอยืม
7. นวนิยาย
นวนิยาย
รส. จ111ถ ฉ.7 
  Barcode: 038440
ห้องสมุดวิทยาเขตสวรรค์ประชารักษ์
►นวนิยาย
บนชั้น
  ขอยืม

รายการใกล้เคียง
    ผู้แต่ง [จูเนียร์, โรมูโล พี. บาควิราน]

    หัวเรื่อง [นวนิยาย]
    หัวเรื่อง [ฟิลิปปินส์]

BibComment


ยังไม่เคยถูกคอมเมนท์

คอมเมนท์ทรัพยากรรายการนี้
  คอมเมนท์: ถึงแก่น เร่องเล่..


 Copyright 2026. Bcnsprnw @Library